000 01374nam a2200421.c 4500
001 53129
003 ES-MaCES
005 20250203133003.0
008 240408s2023 sp ||||| |||||||||||spa|d
017 _aM 58557-2023
_bDL
020 _a9788412716665
040 _aES-MaCES
_bspa
_cES-MaCES
_dES-MaCES
041 1 _aspa
_heng
100 1 _940987
_aHeather, Peter
245 1 1 _a¿Por qué caen los imperios?
_b: Roma, Estados Unidos y el futuro de Occidente ; [tr. de Javier Romero Muñoz]
_cPeter Heather, John Rapley
250 _a1ª ed
260 _aMadrid
_bDesperta Ferro Ediciones
_c2023
300 _aXIX, 196 p.
_bmapas bl. y n.
_c24 cm
490 1 _aSiglo XXI
500 _aTraducción de: Why empires fall
650 4 _929885
_aimperialismo
650 4 _927203
_aEstado
650 4 _929379
_anación
650 4 _927210
_agobierno
650 4 _927201
_arégimen político
650 4 _929225
_adesarrollo político
650 4 _927244
_aproblema político
650 4 _927233
_ateoría política
650 4 _928846
_aestudio de casos
650 4 _927251
_ahistoria
653 1 0 _aCiencias Sociales-Políticas
700 1 _940988
_aRapley, John
700 1 _940992
_aRomero Muñoz, Javier
_etr.
740 0 2 _aWhy empires fall
830 0 _940993
_aSiglo XXI (Desperta Ferro Ediciones)
902 _aLIB Libro
942 _2CES
_cBK
_h7.0.
999 _c53129
_d53129